| 000 | 01167nam0a22003011 4500 | ||
|---|---|---|---|
| 001 | rc\4323568 | ||
| 005 | 20130416132247.4 | ||
| 021 |
_aRU _b[64-68692] |
||
| 035 | _a(NLR Aleph) 008513705 | ||
| 090 |
_a8184957 _c8184957 |
||
| 100 | _a20130416d1965 |||y0rusy50 ca | ||
| 101 | 0 | _arus | |
| 102 | _aRU | ||
| 105 | _ay z ||||| | ||
| 200 | 1 | _aПособие для занятий по русскому языку в старших классах средней школы | |
| 205 | _a14-е изд. | ||
| 210 |
_aМосква _cПросвещение _d1965 |
||
| 215 |
_a272 с. _d22 |
||
| 300 | _aПеред загл. авт.: В.Ф. Греков, С.Е. Крючков, Л.А. Чешко | ||
| 606 |
_aРусский язык _jУчебники и пособия _2psbo |
||
| 700 | 1 |
_aГреков _bВ. Ф. _gВасилий Федорович |
|
| 701 | 1 |
_aКрючков _bС. Е. _gСергей Ефимович |
|
| 701 | 1 |
_aЧешко _bЛ. А. _cканд. филол. наук _f1916-2000 _gЛев Антонович _3RU\NLR\AUTH\772892 _4070 |
|
| 801 | 0 |
_aRU _bNLR _gpsbo |
|
| 801 | 1 |
_aRU _bELAR _2rusmarc |
|
| 852 |
_aNLR _j64-5/4528 |
||
| 942 | _cBOOK | ||
| 980 | _aNB | ||